Inversiones en investigación y desarrollo (Registro nro. 9829)

Detalles MARC
000 -LEADER
fixed length control field 00389 a2200133 4500
001 - CONTROL NUMBER
control field ART_25874
005 - DATE AND TIME OF LATEST TRANSACTION
control field 20260410161602.0
008 - FIXED-LENGTH DATA ELEMENTS--GENERAL INFORMATION
fixed length control field 260409a
100 1# - MAIN ENTRY--PERSONAL NAME
Personal name Díaz, Teresa
245 10 - TITLE STATEMENT
Title Inversiones en investigación y desarrollo
700 1# - ADDED ENTRY--PERSONAL NAME
Personal name Bertolino, Gisela
700 1# - ADDED ENTRY--PERSONAL NAME
Personal name Suardi, Diana
773 0# - HOST ITEM ENTRY
Title Profesional & Empresaria
Related parts - Año VI, Nº 65 (feb. 2005)
Record control number REV70

No hay ítems disponibles.